000
00261nam a22001217a 4500
008
170809b xxu||||| |||| 00| 0 eng d
041
_a
eng
080
_a
004
100
_a
35
101
_a
SHKI
245
_a
DIGITALE SCHALTUNGEN
_c
SEIFART, M
942
_2
udc
_c
BK
999
_c
23004
_d
23004